000 00464nam a22001577a 4500
008 151013b xxu||||| |||| 00| 0 eng d
020 _a0078237661
041 0 _aeng
080 _a336
245 0 _aBusiness and personal finance /
_cJack R. Kapoor; Les R. Dlabay; Robert J. Hughes;
250 _aTeacher;s annotated edition
260 _aUSA:
_bGleonce McGraw-Hill;
_c2002.
300 _a786 f.:
_bme il.;
_c25 cm.
650 0 _aFinanca personale
942 _2udc
_cBK
999 _c1261
_d1261